First course in fuzzy logic. (Record no. 158706)

MARC details
000 -LEADER
fixed length control field 00550nam a2200217Ia 4500
003 - CONTROL NUMBER IDENTIFIER
control field OSt
005 - DATE AND TIME OF LATEST TRANSACTION
control field 20230405110026.0
008 - FIXED-LENGTH DATA ELEMENTS--GENERAL INFORMATION
fixed length control field 210423s2006 xx 000 0 und d
020 ## - INTERNATIONAL STANDARD BOOK NUMBER
International Standard Book Number 9781584885269
040 ## - CATALOGING SOURCE
Transcribing agency AL
041 ## - LANGUAGE CODE
Language code of text/sound track or separate title eng
082 ## - DEWEY DECIMAL CLASSIFICATION NUMBER
Classification number 511.322 NGUH
Edition number 23
100 ## - MAIN ENTRY--PERSONAL NAME
Personal name NGUYEN (Hung T);WALKER (Elbert A).
9 (RLIN) 83190
245 ## - TITLE STATEMENT
Title First course in fuzzy logic.
250 ## - EDITION STATEMENT
Edition statement 3
260 ## - PUBLICATION, DISTRIBUTION, ETC.
Place of publication, distribution, etc. Boca Raton
Name of publisher, distributor, etc. Chapman & Hall
Date of publication, distribution, etc. 2006
300 ## - PHYSICAL DESCRIPTION
Extent x,430
Other physical details PB
365 ## - TRADE PRICE
Price amount 595
Currency code INR
906 ## - LOCAL DATA ELEMENT F, LDF (RLIN)
a course ; first ; fuzzy ; logic.
942 ## - ADDED ENTRY ELEMENTS (KOHA)
Source of classification or shelving scheme Dewey Decimal Classification
Koha item type Book
Holdings
Withdrawn status Lost status Damaged status Not for loan Collection code Home library Current library Date acquired Source of acquisition Cost, normal purchase price Total Checkouts Full call number Barcode Date last seen Date last checked out Price effective from Koha item type
        Mathematics St Aloysius PG Library St Aloysius PG Library 08/19/2010 Intact Bookhouse 595.00 3 511.322 NGUH PG005183 01/03/2025 12/20/2024 04/26/2021 Book